000 00549nam a22002057a 4500
003 OSt
005 20140310181809.0
008 130704t xxu||||| |||| 00| 0 eng d
020 _a1902947347
050 _aAG 195
_b.F235 2000
082 _aREF 502
_bF23 2000
245 _a4000 things you should know /
260 _aHongkong :
_bMiles Kelly Publishing Ltd,
_cc2000.
300 _a256 p. :
_bill. col. ;
_c30 cm.
520 _a1. Science--Miscellaneous facts.
521 _a
541 _j1
562 _e1
942 _2lcc
_cBK-GR
_kREF
999 _c3867
_d3867